000 00632nam a22002297a 4500
001 00260
003 DO-SdBNP
005 20151215150650.0
008 151215b 1997 flu xxu||||| |||| 00| 0 spa d
020 _a0153020431
040 _aBPMSU
_bspa
_cBPMSU
092 _axxxxx
_bxxxxx
100 1 _aBoehm, Richard G.
245 1 0 _aOur world's story /
_cseries authors, Richard G. Boehm.
260 _aOrlando, Fla. :
_bHarcourt Brace & Co.,
_c1997.
300 _av. :
_bil., retrs. ;
_c31 cm.
490 1 _aStories in time
830 0 _aStories in time
910 _a00260
942 _2ddc
_cBK
956 _aLorenza Pérez
_b10
999 _c9122
_d9122